[Event "22nd OIBM 2018"]
[Site "Gmund am Tegernsee"]
[Date "2018.11.04"]
[Round "9"]
[White "Souleidis, Georgios"]
[Black "Pasti, Aron"]
[Result "1/2-1/2"]
[WhiteElo "2436"]
[BlackElo "2085"]
[Annotator "TA"]
[PlyCount "106"]
[EventDate "2018.10.27"]
[EventType "swiss"]
[EventCountry "GER"]
[SourceTitle "playchess.com"]
[Source "ChessBase"]
[SourceQuality "1"]

{[%evp 12,106,22,14,27,25,28,27,21,25,44,45,45,38,62,54,59,38,60,61,91,94,93,84,80,60,75,63,55,10,72,65,88,89,86,54,63,58,70,63,61,0,0,0,0,0,0,-64,0,-10,0,-6,22,25,24,29,70,0,0,0,0,-406,-396,-406,-408,-401,-401,-401,-391,-359,-353,-408,-402,-393,-390,-383,-367,-368,-50,-55,0,0,8,0,0,0,0,0,0,0,0,0,0,0,0,0,0]} 1. e4 e5 2. Nf3 Nc6 3. Bc4 Bc5 4. d3 Nf6 5. Nc3 d6 6. Na4 Bb6 {C50: Hungarian Defence and Giuoco Pianissimo} 7. a3 {LiveBook: 4 Games} (7. c3 {feels hotter.} O-O 8. b4 Re8 9. O-O h6 10. Re1) 7... Be6 {With the idea ...Bxc4.} (7... Ne7 8. Bg5 Ng6 9. Nxb6 axb6 10. Nh4 h6 11. Nxg6 fxg6 12. Be3 Qe7 13. O-O Be6 14. Bxe6 Qxe6 15. f4 exf4 16. Rxf4 O-O 17. Bd4 Nh5 18. Rxf8+ {½-½ (18) McShane,L (2669)-Adams,M (2706) Hull 2018}) 8. Bxe6 fxe6 {White has an edge.} 9. O-O O-O 10. c3 d5 $146 ({Predecessor:} 10... Qe8 11. Qe2 h6 12. Re1 Qh5 13. b4 g5 14. Nxb6 axb6 {1-0 (28) Juhasz,J (2188)-Trcka,V (2218) ICCF email 2004}) 11. Qe2 Qd6 12. b4 {[%cal Bb2b4,Bb4b5][%mdl 32]} Rae8 13. Bb2 Nd7 14. Rfd1 a6 15. Nxb6 Nxb6 16. a4 d4 17. b5 dxc3 18. Bxc3 Nd4 19. Nxd4 exd4 20. Bb2 Rf7 (20... axb5 $11 21. axb5 Ra8) 21. Rdc1 e5 22. bxa6 bxa6 23. a5 Nd7 24. Ba3 c5 25. Rab1 Qc7 26. Qe1 (26. Qa2 $14) 26... Rf6 $11 27. Rc2 Rb8 28. Rxb8+ Qxb8 29. Qc1 (29. Rb2 $11 Qc7 30. f3) 29... Qc7 (29... Qb3 $15 30. Rd2 Rf8) 30. Qd2 Rc6 31. Rc1 c4 32. Rxc4 Rxc4 33. Qa2 Nf6 34. Qxc4+ (34. f3 $14) 34... Qxc4 35. dxc4 Nxe4 $14 {[%mdl 4096] Endgame Strongly threatening ...d3. KB-KN} 36. c5 $2 {[%mdl 8192]} (36. Bb4 $1 $11 {and White is okay.}) 36... d3 $19 37. Kf1 {[#]} d2 $1 {[%cal Rd2d1]} 38. Ke2 {c6 is the strong threat.} Nc3+ 39. Kxd2 Nb1+ 40. Kd3 Nxa3 {KN-KP} 41. c6 {[#] aiming for c7.} Nb5 42. Ke4 Kf7 43. Kxe5 Ke7 44. f4 Nd6 $2 (44... h5 $19 {White must now prevent ...Na7.} 45. g3 Kd8) 45. Kd5 $1 $15 Ne8 ({Better is} 45... h5 $1 $15) 46. g4 $11 {The position is equal.} Nc7+ 47. Ke5 Ne8 48. f5 Nd6 {And now ...Nc4+ would win.} 49. Kd5 h6 50. Kc5 Nc8 51. h4 Kd8 52. g5 hxg5 53. hxg5 Kc7 {Precision: White = 63%, Black = 53%.} 1/2-1/2

[Event "22nd OIBM 2018"]
[Site "Gmund am Tegernsee"]
[Date "2018.11.04"]
[Round "9"]
[White "Meins, Gerlef"]
[Black "Schrems, Hermann"]
[Result "1-0"]
[WhiteElo "2408"]
[BlackElo "2154"]
[Annotator "NA"]
[PlyCount "49"]
[EventDate "2018.10.27"]
[EventType "swiss"]
[EventCountry "GER"]
[SourceTitle "playchess.com"]
[Source "ChessBase"]
[SourceQuality "1"]
[TimeControl "40/5400+30:1800+30"]

1. Nf3 {[%emt 0:00:00]} Nf6 {[%emt 0:00:00]} 2. c4 {[%emt 0:00:00]} c5 {[%emt 0:00:00]} 3. g3 {[%emt 0:01:39]} b6 {[%emt 0:00:00]} 4. Bg2 {[%emt 0:00:18]} Bb7 {[%emt 0:00:00]} 5. O-O {[%emt 0:00:17]} g6 {[%emt 0:00:05]} 6. Nc3 {[%emt 0:04:50]} Bg7 {[%emt 0:00:07]} 7. d4 {[%emt 0:11:44]} cxd4 {[%emt 0:00:50]} 8. Qxd4 {[%emt 0:00:12]} O-O {[%emt 0:00:09]} 9. Qh4 {[%emt 0:01:56]} d6 {[%emt 0:00:36]} 10. Bh6 {[%emt 0:01:49]} Nbd7 {[%emt 0:00:06]} 11. Bxg7 {[%emt 0:05:52]} Kxg7 {[%emt 0:00:08]} 12. Rfd1 {[%emt 0:02:40]} Rc8 {[%emt 0:00:26]} 13. Rac1 {[%emt 0:12:01]} a6 {[%emt 0:03:20]} 14. b3 {[%emt 0:08:49]} Qc7 {[%emt 0:03:14]} 15. Bh3 {[%emt 0:06:38]} Rfd8 {[%emt 0:03:44]} 16. Qf4 {[%emt 0:16:18]} Qb8 {[%emt 0:02:31]} 17. Qe3 {[%emt 0:03:32]} e6 {[%emt 0:07:44]} 18. Ng5 {[%emt 0:01:36]} Rc5 {[%emt 0:02:59]} 19. Nxf7 {[%emt 0:06:53]} Kxf7 {[%emt 0:00:18]} 20. Qxe6+ {[%emt 0:00:07]} Kg7 {[%emt 0:00:10]} 21. Qe7+ {[%emt 0:00:40]} Kh8 {[%emt 0:01:23]} 22. Bxd7 {[%emt 0:01:18]} Nxd7 {[%emt 0:00:09]} 23. Rxd6 {[%emt 0:01:51]} Re5 {[%emt 0:00:11]} 24. Qh4 {[%emt 0:00:43]} Rh5 {[%emt 0:01:25]} 25. Qd4+ {[%emt 0:00:11]} 1-0

[Event "22nd OIBM 2018"]
[Site "Gmund am Tegernsee"]
[Date "2018.11.04"]
[Round "9"]
[White "Morawietz, Dieter"]
[Black "Pieper, Thomas"]
[Result "1-0"]
[WhiteElo "2408"]
[BlackElo "2213"]
[Annotator "NA"]
[PlyCount "47"]
[EventDate "2018.10.27"]
[EventType "swiss"]
[EventCountry "GER"]
[SourceTitle "playchess.com"]
[Source "ChessBase"]
[SourceQuality "1"]
[TimeControl "40/5400+30:1800+30"]

1. e4 {[%emt 0:00:00]} e5 {[%emt 0:00:00]} 2. Nf3 {[%emt 0:00:00]} Nc6 {[%emt 0:00:00]} 3. Bb5 {[%emt 0:00:00]} Nf6 {[%emt 0:00:08]} 4. d3 {[%emt 0:00:11]} Bc5 {[%emt 0:00:05]} 5. Nbd2 {[%emt 0:00:25]} a6 {[%emt 0:01:55]} 6. Bxc6 {[%emt 0:00:40]} dxc6 {[%emt 0:00:15]} 7. Nb3 {[%emt 0:08:27]} Bd6 {[%emt 0:01:48]} 8. d4 {[%emt 0:00:11]} Nxe4 {[%emt 0:04:52]} 9. Qe2 {[%emt 0:07:05]} Bf5 {[%emt 0:07:27]} 10. O-O {[%emt 0:03:14]} exd4 {[%emt 0:12:29]} 11. Bg5 {[%emt 0:23:18]} f6 $15 {[%emt 0:17:05]} 12. Nh4 {[%emt 0:05:49]} O-O {[%emt 0:02:11]} 13. Bc1 {[%emt 0:12:34]} Qd7 {[%emt 0:21:41]} 14. g4 {[%emt 0:00:20]} Bxg4 {[%emt 0:05:07]} 15. Qxe4 {[%emt 0:00:33]} Rfe8 {[%emt 0:05:15]} 16. Qxd4 {[%emt 0:02:39]} g5 {[%emt 0:05:35]} 17. f3 {[%emt 0:05:13]} Be6 {[%emt 0:00:24]} 18. Qxf6 {[%emt 0:12:25]} Be7 {[%emt 0:07:19]} 19. Qh6 {[%emt 0:06:38]} gxh4 {[%emt 0:01:54]} 20. Kh1 {[%emt 0:00:09]} Bf8 {[%emt 0:02:37]} 21. Rg1+ {[%emt 0:00:24]} Kh8 {[%emt 0:00:08]} 22. Qxh4 {[%emt 0:06:43]} Qf7 {[%emt 0:00:28]} 23. Bf4 {[%emt 0:00:18]} Bg7 {[%emt 0:00:37]} 24. Rxg7 1-0

[Event "22nd OIBM 2018"]
[Site "Gmund am Tegernsee"]
[Date "2018.11.04"]
[Round "9"]
[White "Zajogin, Alexander"]
[Black "Schaefer, Michael"]
[Result "1-0"]
[WhiteElo "2408"]
[BlackElo "2185"]
[Annotator "NA"]
[PlyCount "65"]
[EventDate "2018.10.27"]
[EventType "swiss"]
[EventCountry "GER"]
[SourceTitle "playchess.com"]
[Source "ChessBase"]
[SourceQuality "1"]
[TimeControl "40/5400+30:1800+30"]

1. d4 {[%emt 0:00:00]} d5 {[%emt 0:00:00]} 2. c4 {[%emt 0:00:00]} e6 {[%emt 0:00:00]} 3. Nc3 {[%emt 0:00:13]} Be7 {[%emt 0:00:00]} 4. cxd5 {[%emt 0:00:48]} exd5 {[%emt 0:00:06] LiveBook: 2195 Games} 5. e3 {[%emt 0:08:45]} Nf6 {[%emt 0:01:46]} 6. Bd3 {[%emt 0:00:05]} O-O {[%emt 0:00:15]} 7. Nge2 {[%emt 0:00:37]} c5 {[%emt 0:00:34]} 8. O-O {[%emt 0:01:59]} Nc6 {[%emt 0:01:05]} 9. Nf4 {[%emt 0:02:19]} a6 {[%emt 0:06:51]} 10. dxc5 {[%emt 0:02:58]} Bg4 $16 {[%emt 0:12:19]} 11. Qa4 {[%emt 0:31:39]} Bxc5 {[%emt 0:17:24]} 12. Nfxd5 {[%emt 0:01:47]} Nxd5 {[%emt 0:03:59]} 13. Qxg4 {[%emt 0:00:06]} Nxc3 {[%emt 0:00:19]} 14. Qf5 {[%emt 0:00:04]} g6 {[%emt 0:01:27]} 15. Qxc5 {[%emt 0:00:06]} Qxd3 {[%emt 0:00:11]} 16. bxc3 {[%emt 0:00:10]} Qc2 {[%emt 0:02:33]} 17. Ba3 {[%emt 0:04:28]} Rfd8 {[%emt 0:03:34]} 18. Rab1 {[%emt 0:07:11]} Qxa2 {[%emt 0:07:06]} 19. Rxb7 {[%emt 0:03:46]} Rac8 {[%emt 0:02:55]} 20. h3 {[%emt 0:07:41]} Rd5 {[%emt 0:06:24]} 21. Rc7 {[%emt 0:01:40]} Rxc5 {[%emt 0:00:58]} 22. Rxc8+ {[%emt 0:00:07]} Kg7 {[%emt 0:00:15]} 23. Bxc5 {[%emt 0:00:16]} Qd5 {[%emt 0:08:13]} 24. Bf8+ {[%emt 0:05:12]} Kf6 {[%emt 0:00:44]} 25. c4 {[%emt 0:00:27]} Qd7 {[%emt 0:00:25]} 26. Ra8 {[%emt 0:02:50]} Qb7 {[%emt 0:00:13]} 27. Re8 {[%emt 0:00:19]} a5 {[%emt 0:01:26]} 28. Rd1 {[%emt 0:01:58]} h5 {[%emt 0:02:58]} 29. f4 {[%emt 0:02:40]} g5 {[%emt 0:06:59]} 30. Rd6+ {[%emt 0:01:28]} Kf5 {[%emt 0:00:09]} 31. Rd5+ {[%emt 0:00:50]} Kf6 {[%emt 0:00:21]} 32. Rxg5 {[%emt 0:00:33]} a4 {[%emt 0:00:18]} 33. Bg7# {[%emt 0:00:07]} 1-0

[Event "22nd OIBM 2018"]
[Site "Gmund am Tegernsee"]
[Date "2018.11.04"]
[Round "9"]
[White "Colpe, Malte"]
[Black "Santos Latasa, Jaime"]
[Result "0-1"]
[WhiteElo "2379"]
[BlackElo "2572"]
[Annotator "TA"]
[PlyCount "104"]
[EventDate "2018.10.27"]
[EventType "swiss"]
[EventCountry "GER"]
[SourceTitle "playchess.com"]
[Source "ChessBase"]
[SourceQuality "1"]

{[%evp 22,103,24,22,27,8,14,-8,0,0,0,-37,-14,-37,0,0,0,0,0,0,0,0,7,-25,-13,-31,-20,-27,6,18,6,0,22,-16,0,-33,-32,-75,-53,-68,-70,-86,-70,-70,-83,-81,-84,-145,-133,-164,-66,-64,-68,-56,-56,-56,-56,-79,-83,-93,-34,-140,-147,-211,-211,-389,-389,-389,-382,-382,-375,-1779,-1722,-1613,-1567,-3574,-3046,-12840,-12840,-12841,-12840,-12840,-5812,-29999]} 1. d4 Nf6 2. c4 e6 3. Nf3 d5 4. Nc3 c6 5. Bg5 Nbd7 6. cxd5 exd5 7. e3 h6 {D35: Queen's Gambit Declined: Exchange Variation} 8. Bh4 g5 9. Bg3 Nh5 10. Bd3 Nxg3 11. hxg3 Bg7 12. Qc2 {LiveBook: 51 Games} Nb6 {[%cal Bd7b6,Bb6c8,Bc8d6][%mdl 32]} 13. O-O-O Be6 {[#]} 14. Bf5 $146 ({Predecessor:} 14. Kb1 Qe7 15. Ne5 {0-1 (50) Brodsky,M (2555)-Khismatullin,D (2666) Sochi 2015}) 14... Qd7 15. g4 O-O-O 16. Nd2 {[%cal Bf3d2,Bd2b3,Bb3c5][%mdl 32]} Kb8 17. Kb1 (17. Rh2 {is interesting.} Nc8 18. Ne2 Nd6 19. Ng3 b6 20. Kb1) 17... Nc8 18. Nb3 Bxf5 19. gxf5 Nd6 20. g4 h5 21. Nc5 Qc8 22. gxh5 Qxf5 23. Rdg1 Bf6 24. Ne2 b6 ({But not} 24... Qxf2 $6 25. Rf1 $16) 25. Nd3 Rc8 26. Ng3 Qe6 27. Rc1 Nc4 28. Qa4 Be7 29. b3 Nd2+ 30. Kb2 Kb7 31. Rhd1 Ne4 32. Nxe4 dxe4 33. Ne5 Rxh5 34. Rc3 (34. Rc2 $142) 34... Bf6 35. b4 b5 (35... Rh2 $19 36. Ra3 Rxf2+ 37. Ka1 a5 38. bxa5 b5) 36. Qb3 $15 Qxb3+ 37. Kxb3 Bxe5 $1 38. dxe5 {[%mdl 4096] Endgame KRR-KRR} g4 {[%cal Bg5g4,Bg4g3][%mdl 32]} 39. Rc5 {[#]} Rf5 $1 {[%cal Rf5f2]} 40. Rd2 {[#]} Rc7 ({Black should try} 40... Rf3 $1 $17 41. Rcc2 Kb6) 41. Rd4 (41. a4 $15) 41... Rxf2 $17 {aiming for ...Re7.} 42. Rxe4 g3 {...Rd7 is the strong threat.} 43. Rc2 $2 (43. Rg4) 43... Rxc2 $19 44. Kxc2 {KR-KR} c5 45. Rg4 cxb4+ 46. Kb3 $2 (46. Kd2 Rc5 47. Rxg3) 46... Rc3+ 47. Kb2 Rxe3 48. Rg7 Kb6 49. Rxf7 Rxe5 50. Rg7 Re2+ 51. Kb3 Re3+ 52. Kxb4 a5# {Precision: White = 29%, Black = 71%.} 0-1

[Event "22nd OIBM 2018"]
[Site "Gmund am Tegernsee"]
[Date "2018.11.04"]
[Round "9"]
[White "Pirrot, Dieter"]
[Black "Subramanian, Aditya"]
[Result "0-1"]
[WhiteElo "2373"]
[BlackElo "2151"]
[Annotator "NA"]
[PlyCount "84"]
[EventDate "2018.10.27"]
[EventType "swiss"]
[EventCountry "GER"]
[SourceTitle "playchess.com"]
[Source "ChessBase"]
[SourceQuality "1"]
[TimeControl "40/5400+30:1800+30"]

1. f4 {[%emt 0:00:00]} Nf6 {[%emt 0:00:52]} 2. Nf3 {[%emt 0:00:00]} g6 {[%emt 0:00:08]} 3. g3 {[%emt 0:00:00]} Bg7 {[%emt 0:00:06]} 4. Bg2 {[%emt 0:00:00]} d5 {[%emt 0:00:54]} 5. d3 {[%emt 0:00:33]} c5 {[%emt 0:00:54]} 6. O-O {[%emt 0:00:21]} Nc6 {[%emt 0:00:56]} 7. c3 {[%emt 0:00:35]} O-O {[%emt 0:02:00]} 8. Na3 {[%emt 0:00:17]} b6 {[%emt 0:03:37]} 9. Qa4 {[%emt 0:12:51]} Bd7 {[%emt 0:14:44]} 10. Qc2 {[%emt 0:06:31]} Rc8 {[%emt 0:07:14]} 11. e4 {[%emt 0:05:21]} d4 {[%emt 0:07:24]} 12. h3 {[%emt 0:06:22]} Ne8 {[%emt 0:05:54]} 13. e5 {[%emt 0:14:36]} Nc7 {[%emt 0:05:08]} 14. Qf2 {[%emt 0:06:52]} Be6 {[%emt 0:09:15]} 15. c4 {[%emt 0:08:35]} f6 {[%emt 0:04:58]} 16. exf6 {[%emt 0:02:53]} exf6 {[%emt 0:00:21]} 17. Nc2 {[%emt 0:02:14]} Qd7 {[%emt 0:01:02]} 18. g4 {[%emt 0:04:58]} f5 {[%emt 0:01:45]} 19. g5 {[%emt 0:02:34]} Bf7 {[%emt 0:02:57]} 20. Bd2 {[%emt 0:01:01]} a5 {[%emt 0:01:04]} 21. h4 {[%emt 0:02:33]} Rfe8 {[%emt 0:04:40]} 22. h5 {[%emt 0:02:31]} Re7 {[%emt 0:02:11]} 23. Nh4 {[%emt 0:04:09]} Rce8 {[%emt 0:00:28]} 24. Rae1 {[%emt 0:00:48]} Qd6 {[%emt 0:08:02]} 25. Qf3 {[%emt 0:06:25]} Rxe1 {[%emt 0:02:02]} 26. Nxe1 {[%emt 0:00:19]} Re6 {[%emt 0:00:58]} 27. Rf2 {[%emt 0:02:36]} Qe7 {[%emt 0:01:59]} 28. Kf1 {[%emt 0:00:39]} Be8 {[%emt 0:01:10]} 29. Re2 {[%emt 0:00:39]} Rxe2 {[%emt 0:00:47]} 30. Qxe2 {[%emt 0:00:06]} Qxe2+ {[%emt 0:00:08]} 31. Kxe2 {[%emt 0:00:04]} Ne7 {[%emt 0:02:15]} 32. Nef3 {[%emt 0:04:01]} gxh5 {[%emt 0:02:36]} 33. Ne5 {[%emt 0:00:27]} Bxe5 {[%emt 0:01:12]} 34. fxe5 {[%emt 0:00:07]} Bg6 {[%emt 0:02:06]} 35. Bb7 {[%emt 0:02:25]} Kf7 {[%emt 0:00:59]} 36. Ng2 {[%emt 0:00:19]} Ke6 {[%emt 0:01:37]} 37. Kf3 {[%emt 0:00:22]} Be8 {[%emt 0:00:37]} 38. Nf4+ {[%emt 0:02:20]} Kxe5 {[%emt 0:00:59]} 39. Kg3 {[%emt 0:00:17]} Ne6 {[%emt 0:01:19]} 40. Bd5 {[%emt 0:00:50]} h4+ {[%emt 0:01:27]} 41. Kf3 {[%emt 0:30:24]} Nxd5 {[%emt 0:30:43]} 42. cxd5 {[%emt 0:00:00]} Nxg5+ {[%emt 0:00:00] Bc1} 0-1

[Event "22nd OIBM 2018"]
[Site "Gmund am Tegernsee"]
[Date "2018.11.04"]
[Round "9"]
[White "Zude, Arno"]
[Black "Boehm, Juergen"]
[Result "1-0"]
[WhiteElo "2349"]
[BlackElo "2174"]
[Annotator "NA"]
[PlyCount "135"]
[EventDate "2018.10.27"]
[EventType "swiss"]
[EventCountry "GER"]
[SourceTitle "playchess.com"]
[Source "ChessBase"]
[SourceQuality "1"]
[TimeControl "40/5400+30:1800+30"]

1. e4 {[%emt 0:00:00]} e6 {[%emt 0:00:00]} 2. d4 {[%emt 0:00:00]} d5 {[%emt 0:00:00]} 3. Nc3 {[%emt 0:00:00]} Bb4 {[%emt 0:00:00]} 4. e5 {[%emt 0:00:01]} c5 {[%emt 0:00:00]} 5. a3 {[%emt 0:00:10]} Bxc3+ {[%emt 0:00:00]} 6. bxc3 {[%emt 0:00:09]} Ne7 {[%emt 0:00:03]} 7. Qg4 {[%emt 0:00:49]} cxd4 {[%emt 0:00:22] LiveBook: 455 Games} 8. cxd4 {[%emt 0:06:14]} Qc7 {[%emt 0:00:56]} 9. Bd2 {[%emt 0:01:36]} O-O {[%emt 0:16:56]} 10. Bd3 {[%emt 0:05:24]} f5 {[%emt 0:06:14]} (10... b6 $11 {hält das Gleichgewicht.}) 11. exf6 {[%emt 0:03:53]} Rxf6 $16 {[%emt 0:00:34]} 12. Qh5 {[%emt 0:00:17]} h6 {[%emt 0:03:15]} 13. Nf3 {[%emt 0:18:04]} Bd7 {[%emt 0:11:13]} 14. Ne5 {[%emt 0:10:51]} Nbc6 {[%emt 0:03:02]} 15. O-O {[%emt 0:09:07]} Be8 {[%emt 0:19:36]} 16. Qg4 {[%emt 0:03:26]} Nf5 {[%emt 0:10:16]} 17. Nxc6 {[%emt 0:02:00]} Bxc6 {[%emt 0:06:42]} 18. Bf4 {[%emt 0:01:40]} Qd7 {[%emt 0:01:47]} 19. Be5 {[%emt 0:00:10]} Rff8 {[%emt 0:00:55]} 20. Rab1 {[%emt 0:02:34]} a6 {[%emt 0:00:34]} 21. Rb6 {[%emt 0:03:48]} Bb5 {[%emt 0:02:26]} 22. Rb1 {[%emt 0:01:17]} Bc6 {[%emt 0:03:47]} 23. a4 {[%emt 0:01:16]} Rac8 {[%emt 0:01:59]} 24. a5 {[%emt 0:00:35]} Qf7 {[%emt 0:05:38]} 25. h3 {[%emt 0:05:11]} Rfd8 {[%emt 0:01:56]} 26. R1b3 {[%emt 0:04:18]} Bb5 {[%emt 0:03:23]} 27. Bxb5 {[%emt 0:01:26]} axb5 {[%emt 0:00:01]} 28. R3xb5 {[%emt 0:00:22]} Rd7 {[%emt 0:00:19]} 29. Qe2 {[%emt 0:02:50]} Rc4 {[%emt 0:00:09]} 30. Qd3 {[%emt 0:01:42]} Qe7 {[%emt 0:01:11]} 31. g4 {[%emt 0:04:23]} Nh4 {[%emt 0:00:01]} 32. Bg3 {[%emt 0:01:35]} Rxd4 {[%emt 0:00:10]} 33. Qe3 {[%emt 0:05:41]} Re4 {[%emt 0:01:09]} 34. Qc3 {[%emt 0:00:53]} Rc4 {[%emt 0:01:23]} 35. Qb3 {[%emt 0:00:39]} Qf6 {[%emt 0:00:30]} 36. Rxb7 {[%emt 0:02:23]} Rxb7 {[%emt 0:00:54]} 37. Rxb7 {[%emt 0:00:02]} Rc3 {[%emt 0:00:28]} 38. Qb4 {[%emt 0:02:27]} Nf3+ {[%emt 0:00:00]} 39. Kg2 {[%emt 0:01:24]} Ne1+ {[%emt 0:00:36]} 40. Kf1 {[%emt 0:00:19]} Nxc2 {[%emt 0:00:22]} 41. Qf4 {[%emt 0:06:10]} Ra3 {[%emt 0:15:54]} 42. Qb8+ {[%emt 0:07:51]} Kh7 {[%emt 0:00:09]} 43. Be5 {[%emt 0:00:14]} Ra1+ {[%emt 0:02:44]} 44. Bxa1 {[%emt 0:00:21]} Qxa1+ {[%emt 0:00:03]} 45. Rb1 {[%emt 0:00:12]} Qxa5 {[%emt 0:01:21]} 46. Qe5 {[%emt 0:01:07]} Qa3 {[%emt 0:07:04]} 47. Kg2 {[%emt 0:04:24]} Qd3 {[%emt 0:00:03]} 48. Rb7 {[%emt 0:05:02]} Qe4+ {[%emt 0:02:21]} 49. Qxe4+ {[%emt 0:00:07]} dxe4 {[%emt 0:00:02]} 50. Kg3 {[%emt 0:02:20]} e3 {[%emt 0:00:26]} 51. fxe3 {[%emt 0:00:05]} Nxe3 {[%emt 0:00:12]} 52. Re7 {[%emt 0:00:07]} Nd5 {[%emt 0:01:17]} 53. Rxe6 {[%emt 0:00:03]} Kg8 {[%emt 0:00:43]} 54. Rd6 {[%emt 0:00:16]} Ne7 {[%emt 0:00:30]} 55. Kf4 {[%emt 0:00:27]} Kf7 {[%emt 0:00:08]} 56. Ke5 {[%emt 0:01:20]} Ng6+ {[%emt 0:00:18]} 57. Ke4 {[%emt 0:00:01]} Nh4 {[%emt 0:00:46]} 58. Ra6 {[%emt 0:01:28]} Ng6 {[%emt 0:01:04]} 59. Kf5 {[%emt 0:00:27]} Nh4+ {[%emt 0:00:04]} 60. Kf4 {[%emt 0:00:07]} Ng6+ {[%emt 0:03:14]} 61. Kg3 {[%emt 0:00:02]} Ne7 {[%emt 0:00:22]} 62. h4 {[%emt 0:00:25]} Ng6 {[%emt 0:00:09]} 63. h5 {[%emt 0:00:17]} Ne7 {[%emt 0:00:24]} 64. Kf4 {[%emt 0:00:02]} g6 {[%emt 0:01:23]} 65. Ke5 {[%emt 0:01:02]} gxh5 {[%emt 0:00:28]} 66. gxh5 {[%emt 0:00:02]} Kg7 {[%emt 0:00:59]} 67. Ra7 {[%emt 0:00:24]} Kf7 {[%emt 0:00:22]} 68. Ke4 1-0

[Event "22nd OIBM 2018"]
[Site "Gmund am Tegernsee"]
[Date "2018.11.04"]
[Round "9"]
[White "Hacker, Jonas"]
[Black "Huber, Benedikt"]
[Result "1-0"]
[WhiteElo "2345"]
[BlackElo "2116"]
[Annotator "NA"]
[PlyCount "81"]
[EventDate "2018.10.27"]
[EventType "swiss"]
[EventCountry "GER"]
[SourceTitle "playchess.com"]
[Source "ChessBase"]
[SourceQuality "1"]
[TimeControl "40/5400+30:1800+30"]

1. e4 {[%emt 0:00:00]} e6 {[%emt 0:00:00]} 2. d4 {[%emt 0:00:00]} d5 {[%emt 0:00:15]} 3. Nc3 {[%emt 0:00:00]} Nf6 {[%emt 0:00:24]} 4. e5 {[%emt 0:00:00]} Nfd7 {[%emt 0:00:19]} 5. f4 {[%emt 0:00:00]} c5 {[%emt 0:00:18]} 6. Nf3 {[%emt 0:00:00]} Nc6 {[%emt 0:00:43]} 7. Be3 $11 {[%emt 0:00:00] LiveBook: 6487 Games} cxd4 {[%emt 0:00:55]} 8. Nxd4 {[%emt 0:00:23]} Qb6 {[%emt 0:01:02]} 9. Qd2 {[%emt 0:01:17]} Qxb2 {[%emt 0:00:07]} 10. Rb1 {[%emt 0:00:11]} Qa3 {[%emt 0:00:10]} 11. Bb5 {[%emt 0:01:53]} Nxd4 {[%emt 0:00:55]} 12. Bxd4 {[%emt 0:00:18]} Bb4 {[%emt 0:00:43]} 13. Rb3 {[%emt 0:03:22]} Qa5 {[%emt 0:00:25]} 14. a3 {[%emt 0:02:36]} Be7 {[%emt 0:00:07]} 15. f5 {[%emt 0:07:58]} exf5 {[%emt 0:01:01]} 16. Nxd5 {[%emt 0:12:52]} Qxd2+ {[%emt 0:00:29]} 17. Kxd2 {[%emt 0:00:01]} Bd8 {[%emt 0:00:21]} 18. c4 {[%emt 0:03:07]} a6 {[%emt 0:01:07]} 19. Bxd7+ {[%emt 0:13:21]} Bxd7 {[%emt 0:02:12]} 20. Rxb7 {[%emt 0:00:55]} h5 {[%emt 0:00:05]} 21. Rhb1 {[%emt 0:04:05]} Rc8 {[%emt 0:03:36]} 22. Kd3 {[%emt 0:11:33]} Rh6 {[%emt 0:02:59]} 23. Rb8 {[%emt 0:02:58]} Rhc6 {[%emt 0:04:31]} 24. Rxc8 {[%emt 0:00:41]} Bxc8 {[%emt 0:04:11]} 25. Rb8 {[%emt 0:02:49]} Kd7 {[%emt 0:02:19]} 26. Bb6 {[%emt 0:01:26]} Bxb6 {[%emt 0:16:54]} 27. Nxb6+ {[%emt 0:05:56]} Kc7 {[%emt 0:00:43]} 28. Rxc8+ {[%emt 0:00:10]} Kxb6 {[%emt 0:00:04]} 29. Rxc6+ {[%emt 0:02:09]} Kxc6 {[%emt 0:01:21]} 30. h4 {[%emt 0:00:09]} Kc5 {[%emt 0:00:10]} 31. g3 {[%emt 0:05:24]} a5 {[%emt 0:16:20]} 32. Kc3 {[%emt 0:01:37]} Kb6 {[%emt 0:16:26]} 33. Kd4 {[%emt 0:00:26]} Kc6 {[%emt 0:00:02]} 34. a4 {[%emt 0:02:47]} Kb6 {[%emt 0:04:15]} 35. Kd5 {[%emt 0:00:09]} Kc7 {[%emt 0:00:03]} 36. c5 {[%emt 0:00:27]} Kd7 {[%emt 0:00:19]} 37. c6+ {[%emt 0:01:46]} Kc7 {[%emt 0:00:10]} 38. Kc5 {[%emt 0:00:05]} g5 {[%emt 0:01:23]} 39. hxg5 {[%emt 0:00:54]} f4 {[%emt 0:00:06]} 40. gxf4 {[%emt 0:00:38]} h4 {[%emt 0:00:07]} 41. e6 {[%emt 0:30:11]} 1-0

[Event "22nd OIBM 2018"]
[Site "Gmund am Tegernsee"]
[Date "2018.11.04"]
[Round "9"]
[White "Fischer, Daniel"]
[Black "Banusz, Tamas"]
[Result "0-1"]
[WhiteElo "2336"]
[BlackElo "2606"]
[Annotator "TA"]
[PlyCount "76"]
[EventDate "2018.10.27"]
[EventType "swiss"]
[EventCountry "GER"]
[SourceTitle "playchess.com"]
[Source "ChessBase"]
[SourceQuality "1"]

{[%evp 19,76,38,42,43,37,18,24,12,6,10,29,46,82,78,78,78,73,76,108,8,103,72,75,37,29,37,39,12,22,0,29,0,0,0,0,0,0,-26,-40,-78,-73,-85,-49,-56,-60,-171,-100,-293,-183,-158,-154,-236,-224,-384,-396,-384,-357,-476,-462]} 1. e4 e5 2. Nf3 Nc6 3. Bc4 Nf6 4. d3 h6 5. O-O d6 6. c3 g6 7. d4 Qe7 8. Nbd2 Bg7 9. Re1 O-O 10. h3 Qd8 {LiveBook: 8 Games} 11. Bf1 $146 {C55: Two Knights: 4 d3, 4 d4 exd4 5 e5 and Max Lange Attack} ({Predecessor:} 11. Bb3 Re8 12. Bc2 Bd7 13. a3 a5 14. Nf1 a4 15. Ng3 b5 16. Be3 Na5 17. Nd2 Nh7 18. f4 exf4 19. Bxf4 {½-½ (54) Kurmann,O (2456)-Ehlvest,J (2605) Caleta 2013}) 11... a6 12. a4 exd4 13. cxd4 {White has an edge.} a5 14. Nb1 d5 15. e5 $1 {[%cal Re5f6]} Ne4 16. Nc3 Nb4 17. Nxe4 dxe4 18. Rxe4 c5 19. Bf4 (19. Bd2 $16) 19... Qd5 (19... Bf5 $11 {remains equal.} 20. Re2 cxd4) 20. Re2 (20. Re1 {with more complications.} cxd4 21. Nxd4 g5 22. Bg3 Rd8 23. Nb5) 20... Bxh3 21. dxc5 {[#] And now Rd2 would win.} (21. Rc1 {is more complex.} cxd4 22. Nxd4 Bg4 23. f3 g5 24. Bg3) 21... Qxd1 22. Rxd1 Bg4 23. Re3 Rac8 24. Rc3 Rfe8 25. Bc4 g5 26. Bg3 Bf8 27. Bb5 Red8 28. Rxd8 Rxd8 29. b3 Be6 30. Kf1 Na2 31. Rc2 $1 {[%cal Rc2a2]} Bxb3 32. Rb2 (32. Rd2 $15 Bd5 33. e6 fxe6 34. Bc7) 32... Be6 (32... Rd1+ $19 33. Ne1 Nc1) 33. Nd2 $2 {[#]} (33. Rd2 $17 Rxd2 34. Nxd2) 33... Bxc5 {Threatens to win with ...Nc3.} 34. Ne4 Bb4 35. Nd6 (35. f3 $17) 35... Nc3 $19 36. Bd3 $2 (36. f3) 36... Nxa4 37. Rc2 Nc5 38. Bb5 a4 {Precision: White = 33%, Black = 62%.} 0-1